000
00311nam a2200121Ia 4500
008
190216s9999||||xx |||||||||||||| ||und||
100
_a
"Izhar Hussain,Joshi D D,Kannan V Etc"
245
0
_a
Mathematics -text Book For Class 11
260
_b
Ncert
_c
1989
300
_a
425
650
_a
Mathematics
942
_c
REF
999
_c
36095
_d
36095